| 000 | 03257cam a22005174i 4500 | ||
|---|---|---|---|
| 003 | PE-LiUPU | ||
| 005 | 20250731173405.0 | ||
| 008 | 150706s2010 miua rb 000 0 spa d | ||
| 020 | _a9780825411816 | ||
| 035 | _a(Sirsi) i9780825411816 | ||
| 040 |
_aPE-LiUPU _bspa _cPE-LiUPU _erda |
||
| 049 | _aPRUA | ||
| 082 | 0 | 4 |
_a236.97 _bB38 _221 |
| 100 | 1 |
_aBenware, Paul N., _d1942- , _eautor. |
|
| 245 | 1 | 0 |
_aEntienda la profecía de los últimos tiempos : _bun estudio exhaustivo / _cPaul N. Benware. |
| 264 | 1 |
_aMichigan : _bEditorial Portavoz, _c2010. |
|
| 300 |
_a382 páginas : _bilustraciones ; _c23 centímetros |
||
| 336 |
_atext _2rdacontent |
||
| 337 |
_aunmediated _2rdamedia |
||
| 338 |
_avolume _2rdacarrier |
||
| 504 | _aIncluye notas de referencia bibliográfica. | ||
| 505 | 0 | _aLa importancia crucial de la profecía bíblica -- Los conceptos básicos de la profecía bíblica -- La interpretación de la profecía bíblica -- El pacto abrahámico -- El pacto palestino, el pacto davídico y el nuevo pacto -- Las principales perspectivas de la profecía bíblica -- Teología dispensacional y teología del pacto -- La perspectiva del premilenarismo -- La iglesia y la nación de Israel -- La perspectiva del amilenarismo -- La perspectiva del postmilenarismo -- La perspectiva del preterismo -- El reino de Dios -- Una sinopsis de los sucesos futuros -- Los sucesos proféticos venideros -- La perspectiva del arrebatamiento pretribulacional -- La perspectiva del arrebatamiento postribulacional -- Otras perspectivas del arrebatamiento -- El arrebatamiento parcial -- El arrebatamiento midtribulacional -- El arrebatamiento previo a la ira -- La septuagésima semana de Daniel (El período de la tribulación) -- Juicios y resurreciones venideros -- El reino futuro de Dios -- El futuro del individuo -- La muerte y el estado intermedio -- El estado eterno final -- Una sinopsis del libro de Apocalipsis -- El discurso de Cristo en el monte de los Olivos -- Algunas definiciones -- Las profecías de Daniel. | |
| 526 | _aSEG42 | ||
| 526 | _aSEG41 | ||
| 526 | _aSEG40 | ||
| 526 | _aSEG39 | ||
| 526 | _aP94 | ||
| 526 | _aP87 | ||
| 526 | _aP86 | ||
| 526 | _aP85 | ||
| 526 | _aP77 | ||
| 526 | _aP76 | ||
| 526 | _aP35 | ||
| 541 | _g001-0000554; | ||
| 541 | _g001-001088; | ||
| 650 | 0 | 4 |
_aJuicio final. _93248 |
| 700 | 1 |
_aPugliese, Rosa, _etr. |
|
| 910 |
_agl _bjv _cng _d20110810 |
||
| 942 |
_2ddc _cBOOK |
||
| 949 |
_a236.97 B38 _wDEWEY _c1 _i64072 _lCCODEBUL1 _mBUL _p16.00 _r0 _sY _tBOOK _u2015-7-6 _xTEOLOGIA _PP35 _o.STAFF. Colección General |
||
| 949 |
_a236.97 B38 _wDEWEY _c2 _i63289 _lCCODEBUL1 _mBUL _p15.00 _r0 _sY _tBOOK _u2015-7-6 _xTEOLOGIA _PP35 _o.STAFF. Colección General |
||
| 994 |
_aC0 _bPEPRU |
||
| 596 | _a1 | ||
| 999 |
_a236.97 B38 _wDEWEY _c52289 _i64072 _lLOST _mBUL _p16.00 _r1 _sY _tBOOK _u2015-7-6 _xTEOLOGIA _PP35 _o.STAFF. Colección General _d52289 |
||
| 999 |
_a236.97 B38 _wDEWEY _c2 _i63289 _d2018-8-27 _e2018-8-23 _f2021-11-10 _g5 _lCCODEBUL1 _mBUL _n10 _p15.00 _q3 _r0 _sY _tBOOK _u2015-7-6 _xTEOLOGIA _PP35 _0COMPRA _o.STAFF. Colección Teología |
||
| 980 |
_81 _gALBERTO SANCHEZ Responsable de Automatización |
||